Satellite dish regulation review (Record no. 72490)

MARC details
000 -LEADER
fixed length control field 01224cam a2200205 4500
001 - CONTROL NUMBER
control field WB3915-18
008 - FIXED-LENGTH DATA ELEMENTS--GENERAL INFORMATION
fixed length control field 030414n2003 000 0 eng u
035 ## - SYSTEM CONTROL NUMBER
System control number (Sirsi) u121981
245 ## - TITLE STATEMENT
Title Satellite dish regulation review
260 ## - PUBLICATION, DISTRIBUTION, ETC.
Date of publication, distribution, etc. 2003
490 ## - SERIES STATEMENT
Series statement ODPM News Release
Volume/sequential designation (2003/0067) 7 April 2003 (2)
520 ## - SUMMARY, ETC.
Summary, etc. A public consultation has been launched to review planning regulations concerning satellite dishes and antennae (not including mobile phone antennae). It presents five options, ranging from no change to full deregulation. It looks at restrictions currently imposed under the Town and Country Planning (General Permitted Development) Order 1995 such as limits on the number of dishes, their size and location. The proposals only relate to England. The consultation closes on 4 July 2003. It is available at http://www.planning.odpm.gov.uk/consult/satothan/index.htm http://www.odpm.gov.uk/pns/DisplayPN.cgi?pn_id=2003_0067
590 ## - LOCAL NOTE (RLIN)
Local note WB
650 ## - SUBJECT ADDED ENTRY--TOPICAL TERM
Topical term or geographic name entry element SATELLITE DISHES
650 ## - SUBJECT ADDED ENTRY--TOPICAL TERM
Topical term or geographic name entry element SATELLITE ANTENNAS
650 ## - SUBJECT ADDED ENTRY--TOPICAL TERM
Topical term or geographic name entry element TOWN AND COUNTRY PLANNING (GENERAL PERMITTED DEVELOPMENT) ORDER 1995
650 ## - SUBJECT ADDED ENTRY--TOPICAL TERM
Topical term or geographic name entry element ENGLAND
690 ## - LOCAL SUBJECT ADDED ENTRY--TOPICAL TERM (OCLC, RLIN)
Topical term or geographic name as entry element ENVIRONMENTAL AND LAND CONSULTANCY-PLANNING AND DEVELOPMENT
942 ## - ADDED ENTRY ELEMENTS (KOHA)
Suppress in OPAC 0
Holdings
Withdrawn status Lost status Source of classification or shelving scheme Damaged status Not for loan Home library Current library Shelving location Date acquired Total Checkouts Full call number Barcode Date last seen Copy number Price effective from Koha item type
    Dewey Decimal Classification     London London News article 14/04/2003   WB3915-18 121981-1001 06/08/2019 1 06/08/2019 News article